| 000 | 00452cam a22001934a 4500 | ||
|---|---|---|---|
| 005 | 20250605164312.0 | ||
| 008 | 250528s ||||||||||||||||||||||||d | ||
| 035 | _a22537 | ||
| 020 | _a9780471922308 | ||
| 040 |
_aGR-AtMCL _bgre _dGR-AtMCL _eAACR2 |
||
| 245 | 1 | _aABSTRACT DATA TYPES IN MODULA | |
| 250 | _a1 | ||
| 260 |
_bWiley, _c1989 |
||
| 300 | _a275 | ||
| 700 | 1 |
_aHarrison Rachel _91567 |
|
| 942 | _cBK | ||
| 999 |
_c7585 _d7585 |
||